000 00599nam a2200205Ii 4500
003 JO-AjNU
008 230606s9999||||xx |||||||||||||| ||und||
020 _a0-13-117708-7
040 _aJO-AjNU
_beng
_erda
_cJO-AjNU
041 _aeng
050 1 4 _aKF3821.F74.2005
100 3 _aFremgen ، Bonnie ,
_eauthor
_91700
245 0 0 _aMedical Law and Ethics
264 3 1 _aPearson Prentice Hall ، 2005
300 _a350p
336 _atext
_btxt
_2rdacontent
337 _aunmediated
_bn
_2rdamedia
338 _avolume
_bnc
_2rdacarrier
650 4 _aMedical laws and legislation -- Medical ethics
_91701
999 _aE897
_c897
_d897